[Event "VIE-ch U17"]
[Site "Ho Chi Minh City"]
[Date "2014.07.17"]
[Round "7"]
[White "Nguyen, Cong Hieu"]
[Black "Nguyen, Trong Tien"]
[Result "1/2-1/2"]
[WhiteElo "1592"]
[BlackElo "1922"]
[PlyCount "99"]
[EventDate "2014.07.13"]
[EventType "swiss"]
[EventRounds "9"]
[EventCountry "VIE"]
[SourceTitle "EXT 2016"]
[Source "ChessBase"]
[SourceDate "2015.10.08"]
[SourceVersion "1"]
[SourceVersionDate "2015.10.08"]
[SourceQuality "1"]

1. d4 Nf6 2. Nf3 e6 3. c4 b6 4. Nc3 Bb7 5. e3 Be7 6. Bd3 d5 7. 0-0 0-0 8. Re1 c5 9. dxc5 Bxc5 10. b3 Qe7 11. Bb2 Rd8 12. Qe2 Nc6 13. a3 dxc4 14. Bxc4 Na5 15. Nd2 Nxc4 16. Nxc4 Rac8 17. Rac1 Ba6 18. Nb1 Bd6 19. Qf3 Bxc4 20. Bxf6 Qxf6 21. Qxf6 gxf6 22. bxc4 Be5 23. f4 Bd6 24. Kf2 Rc6 25. Rc3 Bc5 26. Ke2 Rcd6 27. Rec1 e5 28. g3 e4 29. h3 f5 30. Rb3 h5 31. h4 Kg7 32. Rbc3 Kf6 33. R1c2 Rd1 34. Rc1 R1d7 35. R1c2 a6 36. Rd2 a5 37. Rcc2 Rd3 38. Rc3 R3d7 39. Rb3 Ke6 40. Rc3 a4 41. Rcc2 Rd3 42. Rc3 R3d7 43. Rcc2 Rd3 44. Rc3 Rxd2+ 45. Nxd2 Kd6 46. Nb1 Rg8 47. Kf2 Kc6 48. Rc2 Rd8 49. Ke2 Rd3 50. Rc3 1/2-1/2

[Event "VIE-ch U17"]
[Site "Ho Chi Minh City"]
[Date "2014.07.16"]
[Round "6"]
[White "Nguyen, Cong Hieu"]
[Black "Vu, Hoang Long"]
[Result "0-1"]
[WhiteElo "1592"]
[BlackElo "1926"]
[PlyCount "76"]
[EventDate "2014.07.13"]
[EventType "swiss"]
[EventRounds "9"]
[EventCountry "VIE"]
[SourceTitle "EXT 2016"]
[Source "ChessBase"]
[SourceDate "2015.10.08"]
[SourceVersion "1"]
[SourceVersionDate "2015.10.08"]
[SourceQuality "1"]

1. e4 c5 2. Nc3 Nc6 3. g3 g6 4. Bg2 Bg7 5. f4 d6 6. Nf3 e6 7. 0-0 Nge7 8. d3 0-0 9. Re1 Rb8 10. e5 d5 11. Na4 b6 12. c3 Bd7 13. d4 c4 14. g4 Qc7 15. h4 Rfc8 16. h5 Qd8 17. Nh2 Rc7 18. g5 Rbc8 19. Ng4 Nf5 20. Nf6+ Bxf6 21. gxf6 Qe8 22. hxg6 fxg6 23. Bh3 Nd8 24. Bxf5 exf5 25. b3 Ne6 26. Qf3 cxb3 27. axb3 Bxa4 28. Rxa4 Rxc3 29. Be3 Qd7 30. Qh1 Rxe3 31. Rea1 Rec3 32. f7+ Kg7 33. f8Q+ Kxf8 34. Qh6+ Qg7 35. Qh4 g5 36. fxg5 Nxg5 37. Kf2 Ne4+ 38. Ke2 Qg2+ 0-1

[Event "VIE-ch U17"]
[Site "Da Lat"]
[Date "2013.07.??"]
[Round "9"]
[White "Le, Quang Long1111"]
[Black "Nguyen, Cong Hieu"]
[Result "1/2-1/2"]
[WhiteElo "1986"]
[BlackElo "1592"]
[PlyCount "58"]
[EventDate "2013.07.13"]
[EventType "swiss"]
[EventRounds "9"]
[EventCountry "VIE"]
[SourceTitle "EXT 2014"]
[Source "ChessBase"]
[SourceDate "2013.11.20"]
[SourceVersion "1"]
[SourceVersionDate "2013.11.20"]
[SourceQuality "1"]

1. e4 d6 2. d4 Nf6 3. Nc3 g6 4. Bc4 Bg7 5. Nge2 0-0 6. f3 Nbd7 7. Be3 c5 8. dxc5 dxc5 9. Ng3 Qc7 10. 0-0 a6 11. Qd2 Ne5 12. Be2 Rd8 13. Qe1 Be6 14. Qf2 b6 15. Rfd1 Nc4 16. Bxc4 Bxc4 17. Nf1 Ne8 18. Nd2 Be6 19. Nb3 Bxc3 20. bxc3 Qe5 21. Qe1 Nc7 22. a4 Ne8 23. Bf2 Qc7 24. Bg3 Nd6 25. Qe2 Qc6 26. Bxd6 Rxd6 27. Rxd6 Qxd6 28. Rd1 Qc6 29. Ra1 a5 1/2-1/2